| 000 | 00343nam a22001337a 4500 | ||
|---|---|---|---|
| 020 | _qHB. | ||
| 040 | _cFIZZA ISHAQ | ||
| 082 |
_a621.8672 _bWIL |
||
| 100 |
_aMCCARRON,O.WILLIAM. _9109692 |
||
| 245 |
_aDEEP WATER FOUNDATION & PIPLINE GEOMECHANICS / _cWILLIAM O.MCCARRON. |
||
| 260 |
_bJ.ROSS. _c2014. |
||
| 300 | _a336 P. ; | ||
| 942 |
_2ddc _cBK |
||
| 999 |
_c593486 _d593486 |
||